01009cam a22002531 4500001001300000003000400013005001700017008004100034010001700075025001800092040001800110043001200128050001900140100001600159245008700175260002200262300001900284350000900303500020500312650003900517650002800556710010900584710006200693he 68003097 DLC20260227111504.0710901s1966 is 000 0 eng  ahe 68003097  aPL480:Is-3961 aDLCcDLCdDLC aa-is---00aHD7256.I8bC461 aChigier, E.10aV.R.A. programs in Israel,cedited by E. Chigier with the supervision of E. Adler. a[Tel-Aviv,c1966] a100 p.c25 cm. aN.T. a"Prepared under a V.R.A. grant for distribution to participants in the Tenth World Congress of the International Society for Rehabilitation of the Disabled, Wiesbaden, Germany, September 11-17, 1966." 0aVocational rehabilitationzIsrael. 0aRehabilitationzIsrael.1 aUnited States.bDepartment of Health, Education, and Welfare.bVocational Rehabilitation Administration.2 aInternational Society for Rehabilitation of the Disabled.